[Event "76539 IV. Rakosmente Open"]
[Site "Budapest, Hungary"]
[Date "2013.02.09"]
[Round "4.7"]
[White "Karacsonyi, Gellert"]
[Black "Papp, Laszlo"]
[Result "1-0"]
[WhiteElo "1582"]
[BlackElo "1787"]
[PlyCount "33"]
[EventDate "2013.??.??"]

1. e4 c5 2. Nf3 d6 3. d4 cxd4 4. Nxd4 Nf6 5. Nc3 a6 6. Bc4 e6 7. Bb3 Be7 8. O-O
O-O 9. Qf3 Qc7 10. Qg3 Nbd7 11. Bxe6 Qb6 12. Nf5 Ne8 13. Nxe7+ Kh8 14. Ncd5 Qa5
15. Bf5 Ndf6 16. Nxf6 Bxf5 17. Nxe8 1-0

[Event "76539 IV. Rakosmente Open"]
[Site "Budapest, Hungary"]
[Date "2013.02.09"]
[Round "4.10"]
[White "Diller, Denis"]
[Black "Makrai, Bence"]
[Result "1-0"]
[WhiteElo "1558"]
[BlackElo "1508"]
[PlyCount "89"]
[EventDate "2013.??.??"]

1. d4 Nf6 2. c4 e6 3. Nf3 b6 4. Nc3 Bb7 5. e3 c5 6. Be2 Be7 7. O-O O-O 8. Qc2
Nc6 9. a3 Qc7 10. Nb5 Qd8 11. dxc5 Bxc5 12. b4 Be7 13. Nbd4 Rc8 14. Qb3 d5 15.
Bb2 Nxd4 16. Nxd4 Ne4 17. Rad1 Bf6 18. Bf3 Qe7 19. Bxe4 dxe4 20. Rc1 Rfd8 21.
Rfd1 a6 22. c5 Bd5 23. Qa4 Qb7 24. c6 Qc7 25. Qxa6 Ra8 26. Qe2 Bxd4 27. Rxd4 f5
28. b5 f4 29. exf4 Qxf4 30. Qe3 Qc7 31. Rb4 Rf8 32. Bd4 Rab8 33. Qc3 Rf7 34.
Be5 Qc8 35. Bxb8 Qxb8 36. c7 Qc8 37. Qe5 Rd7 38. h3 Rf7 39. Qd6 Rd7 40. Qxb6
Rf7 41. Qb8 Rf8 42. Qxc8 Rxc8 43. b6 Bb7 44. Ra4 Kf7 45. Ra7 1-0

[Event "76539 IV. Rakosmente Open"]
[Site "Budapest, Hungary"]
[Date "2013.02.09"]
[Round "4.11"]
[White "Lakatos, Tamas"]
[Black "Rajcsanyi, Peter"]
[Result "0-1"]
[WhiteElo "1371"]
[BlackElo "1872"]
[PlyCount "72"]
[EventDate "2013.??.??"]

1. e4 c5 2. c3 d5 3. exd5 Qxd5 4. d4 Nf6 5. Nf3 Bg4 6. Be2 e6 7. Be3 cxd4 8.
Bxd4 Be7 9. Nbd2 Nc6 10. O-O O-O-O 11. Nb3 h6 12. h3 Bh5 13. Bxf6 Bxf6 14. Qxd5
Rxd5 15. Rad1 Rhd8 16. Rxd5 Rxd5 17. Rd1 Ne7 18. Kf1 Bg6 19. Ke1 Rxd1+ 20. Kxd1
Nd5 21. g3 Bxc3 22. Kc1 Bf6 23. Nbd2 Nb4 24. a3 Nd3+ 25. Bxd3 Bxd3 26. Ne1 Bg6
27. b3 Kc7 28. Nc4 b5 29. Ne3 Kc6 30. N1c2 a5 31. a4 bxa4 32. bxa4 Kc5 33. Kb1
Bd4 34. Kc1 Bxc2 35. Kxc2 Bxe3 36. fxe3 Kb4 0-1

[Event "76539 IV. Rakosmente Open"]
[Site "Budapest, Hungary"]
[Date "2013.02.09"]
[Round "4.12"]
[White "Kaloczi, Kristof"]
[Black "Nemeth, Zoltan"]
[Result "1/2-1/2"]
[WhiteElo "1535"]
[BlackElo "1431"]
[PlyCount "50"]
[EventDate "2013.??.??"]

1. e4 e6 2. d4 b6 3. c4 Bb7 4. Nc3 Bb4 5. Bd3 Ne7 6. Nf3 d5 7. Qe2 Nbc6 8. cxd5
exd5 9. e5 Ng6 10. a3 Bxc3+ 11. bxc3 O-O 12. O-O Qd7 13. Ne1 Bc8 14. h3 Nce7
15. f4 Nf5 16. Bxf5 Qxf5 17. Qf3 Qe4 18. Qxe4 dxe4 19. f5 Ne7 20. g4 c5 21. a4
cxd4 22. cxd4 Nd5 23. Ba3 Re8 24. Ng2 Bb7 25. Rac1 Rac8 1/2-1/2

[Event "76539 IV. Rakosmente Open"]
[Site "Budapest, Hungary"]
[Date "2013.02.09"]
[Round "4.13"]
[White "Muranyi, Geza"]
[Black "Chen, Xiao Hu"]
[Result "1-0"]
[WhiteElo "1714"]
[BlackElo "1323"]
[PlyCount "91"]
[EventDate "2013.??.??"]

1. Nf3 Nc6 2. e4 e5 3. d4 exd4 4. Nxd4 Nxd4 5. Qxd4 d6 6. g3 Be6 7. Bg2 c6 8.
O-O Qf6 9. Be3 Qxd4 10. Bxd4 Ne7 11. f4 f5 12. Re1 fxe4 13. Bxe4 d5 14. Bxh7
Rxh7 15. Rxe6 Kd7 16. Re2 Nf5 17. Bf2 a6 18. Nd2 d4 19. Nc4 Kc7 20. g4 Ne3 21.
Nxe3 dxe3 22. Bxe3 Re8 23. Bb6+ Kxb6 24. Rxe8 Bd6 25. Re4 Rh4 26. Rd1 Rxg4+ 27.
Kf2 Rxf4+ 28. Rxf4 Bxf4 29. h3 Be5 30. b3 Bf6 31. Kf3 Ka7 32. Kg4 Kb6 33. h4
Kb5 34. Rd7 b6 35. h5 c5 36. Kf5 Bd4 37. Kg6 Be3 38. Rxg7 Bc1 39. h6 Bxh6 40.
Kxh6 c4 41. Rg6 cxb3 42. cxb3 Ka5 43. b4+ Kb5 44. a4+ Kxb4 45. Rxb6+ Ka5 46.
Re6 1-0

[Event "76539 IV. Rakosmente Open"]
[Site "Budapest, Hungary"]
[Date "2013.02.09"]
[Round "4.14"]
[White "Forgacs, Andras"]
[Black "Bartuszek, Andras"]
[Result "0-1"]
[WhiteElo "1451"]
[BlackElo "1881"]
[PlyCount "86"]
[EventDate "2013.??.??"]

1. d4 Nf6 2. c4 g6 3. Nc3 d5 4. f4 Bg7 5. Nf3 O-O 6. g3 c5 7. e3 Nc6 8. cxd5
Nxd5 9. Nxd5 Qxd5 10. Bg2 cxd4 11. O-O Qc5 12. Re1 Bg4 13. Kh1 dxe3 14. Bxe3
Qh5 15. Rf1 Rfd8 16. Qb3 Na5 17. Qb4 Rac8 18. Ng5 e6 19. Qxa5 h6 20. Qxa7 hxg5
21. fxg5 Rc2 22. Qxb7 Rxb2 23. Qxf7+ Kh8 24. h4 Rf8 25. Qe7 Bf3 26. Bf2 Bxg2+
27. Kxg2 Qf3+ 28. Kh3 Rxf2 29. Rxf2 Qxf2 30. Rh1 Qf5+ 31. Kh2 Rc8 32. Rg1 Be5
33. Qb7 Rc7 34. Qa8+ Kh7 35. a4 Qg4 36. Rg2 Qxh4+ 37. Kg1 Bd4+ 38. Kf1 Rc1+ 39.
Ke2 Qg4+ 40. Kd3 Rc3+ 41. Kd2 Qxg5+ 42. Kd1 Rc1+ 43. Ke2 Qe3# 0-1

[Event "76539 IV. Rakosmente Open"]
[Site "Budapest, Hungary"]
[Date "2013.02.09"]
[Round "4.15"]
[White "Toth, Viktor"]
[Black "Palczert, Miklos Dr"]
[Result "0-1"]
[WhiteElo "1436"]
[BlackElo "1823"]
[PlyCount "60"]
[EventDate "2013.??.??"]

1. e4 e5 2. Nf3 Nc6 3. Bc4 Bc5 4. c3 Nf6 5. d3 d6 6. O-O Be6 7. Bxe6 fxe6 8.
Bg5 h6 9. Bh4 Ne7 10. Re1 g5 11. Bg3 g4 12. Nh4 Qd7 13. d4 exd4 14. cxd4 Bb4
15. Re3 h5 16. Rb3 Ba5 17. Rxb7 Bb6 18. e5 Ne4 19. Qc2 d5 20. f3 Nxg3 21. hxg3
Bxd4+ 22. Kh2 Bb6 23. Ng6 Rg8 24. Nxe7 Qxe7 25. Qa4+ Qd7 26. Qa6 gxf3 27. gxf3
Qg7 28. Qb5+ Kd8 29. Kh1 Qxg3 30. Qe2 Qg1# 0-1

[Event "76539 IV. Rakosmente Open"]
[Site "Budapest, Hungary"]
[Date "2013.02.09"]
[Round "4.16"]
[White "Kovacsy, Barnabas"]
[Black "Ongut, Tamas Gunes"]
[Result "1-0"]
[WhiteElo "1521"]
[BlackElo "1410"]
[PlyCount "63"]
[EventDate "2013.??.??"]

1. e4 e5 2. Nf3 Nc6 3. Bb5 f5 4. d3 Bb4+ 5. c3 Ba5 6. O-O Nf6 7. Bxc6 dxc6 8.
Nxe5 O-O 9. Qb3+ Kh8 10. Nf7+ Rxf7 11. Qxf7 fxe4 12. dxe4 Qd6 13. Bf4 Be6 14.
Qxf6 gxf6 15. Bxd6 cxd6 16. Nd2 Rg8 17. Nb3 Bb6 18. g3 Bg4 19. Kg2 Rg6 20. h3
Be6 21. Nd4 Bd7 22. Nf5 Rg5 23. Nxd6 Rg7 24. h4 Be6 25. Nf5 Rg4 26. f3 Rg8 27.
Rfd1 Bc7 28. g4 h5 29. Kh3 Kh7 30. Rg1 hxg4+ 31. fxg4 Rd8 32. Rad1 1-0

[Event "76539 IV. Rakosmente Open"]
[Site "Budapest, Hungary"]
[Date "2013.02.09"]
[Round "4.17"]
[White "Kidd, Balint"]
[Black "Eros, Janos"]
[Result "1/2-1/2"]
[WhiteElo "1405"]
[BlackElo "1469"]
[PlyCount "72"]
[EventDate "2013.??.??"]

1. e4 e5 2. f4 exf4 3. Nf3 d5 4. exd5 Nf6 5. Bc4 Nxd5 6. O-O Bc5+ 7. d4 Bb6 8.
Re1+ Be6 9. Nc3 c6 10. Bxd5 cxd5 11. Bxf4 O-O 12. Qd3 Nc6 13. Ne2 Qd7 14. Ng3
Bg4 15. c3 Rfe8 16. Ng5 g6 17. h3 Bf5 18. Nxf5 Qxf5 19. Qxf5 gxf5 20. Kf2 Rac8
21. Rxe8+ Rxe8 22. Re1 Rxe1 23. Kxe1 Ne7 24. Bd6 Ng6 25. Kf2 h6 26. Nf3 f6 27.
Kg3 Bd8 28. Nh4 Nxh4 29. Kxh4 Kg7 30. Kh5 b5 31. Bf4 a5 32. Bxh6+ Kf7 33. g4
Ke6 34. Kg6 fxg4 35. hxg4 Be7 36. Bf4 Bf8 1/2-1/2

[Event "76539 IV. Rakosmente Open"]
[Site "Budapest, Hungary"]
[Date "2013.02.09"]
[Round "4.18"]
[White "Viola, Gellert"]
[Black "Szabo, Mihaly"]
[Result "0-1"]
[WhiteElo "1285"]
[BlackElo "1532"]
[PlyCount "91"]
[EventDate "2013.??.??"]

1. e4 e6 2. d4 d5 3. exd5 exd5 4. Nf3 h6 5. Be3 Nf6 6. Be2 Bd6 7. c3 Ng4 8. Qd2
Qe7 9. h3 Nxe3 10. Qxe3 Qxe3 11. fxe3 Bg3+ 12. Kd2 O-O 13. Na3 c6 14. Rhf1 Be6
15. c4 Nd7 16. cxd5 Bxd5 17. b3 Nf6 18. Bd3 Rae8 19. Nc4 Nd7 20. Rac1 b5 21.
Nb2 Nf6 22. Nd1 Ne4+ 23. Bxe4 Bxe4 24. Nf2 Bxf2 25. Rxf2 f6 26. b4 Bd5 27. a3
Re4 28. g3 Rfe8 29. Re1 Ra8 30. Kd3 a5 31. Nd2 Ree8 32. e4 Be6 33. h4 axb4 34.
axb4 Ra3+ 35. Kc2 Rxg3 36. d5 cxd5 37. exd5 Rc8+ 38. Kb2 Bxd5 39. Rf5 Rd3 40.
Rd1 Bc4 41. Rff1 Rxd2+ 42. Rxd2 Bxf1 43. Rd5 Re8 44. Rf5 Bc4 45. Kc3 Re4 46. h5
0-1

[Event "76539 IV. Rakosmente Open"]
[Site "Budapest, Hungary"]
[Date "2013.02.09"]
[Round "4.19"]
[White "Novak, Levente Peter"]
[Black "Palczert, Botond"]
[Result "1-0"]
[WhiteElo "1456"]
[BlackElo "1275"]
[PlyCount "119"]
[EventDate "2013.??.??"]

1. e4 e5 2. Nf3 Nc6 3. Bb5 a6 4. Ba4 Nf6 5. O-O Be7 6. Re1 b5 7. Bb3 O-O 8. c3
Bb7 9. d4 d6 10. Nbd2 Qd7 11. Nf1 Na5 12. Bc2 exd4 13. cxd4 Nc4 14. b3 Nb6 15.
Ng3 c5 16. dxc5 dxc5 17. Qxd7 Nfxd7 18. Bb2 Bf6 19. Bxf6 Nxf6 20. Rac1 Rfe8 21.
Nd2 Rad8 22. Rcd1 Rd4 23. f3 c4 24. bxc4 Nxc4 25. Nxc4 Rxd1 26. Rxd1 bxc4 27.
Nf5 g6 28. Nd6 Rb8 29. Nxc4 Nh5 30. Bb3 Nf4 31. Nd6 Ne6 32. Bxe6 fxe6 33. Nxb7
Rxb7 34. Rd8+ Kf7 35. Ra8 Rb1+ 36. Kf2 Rb2+ 37. Kg3 Rxa2 38. e5 Ra5 39. f4 Ra3+
40. Kg4 Ra2 41. Kh3 Ra3+ 42. g3 a5 43. Kh4 h6 44. Ra7+ Kf8 45. Rh7 g5+ 46. fxg5
hxg5+ 47. Kxg5 Ra1 48. Ra7 a4 49. h4 Ra3 50. g4 Re3 51. Rxa4 Rxe5+ 52. Kf6 Kg8
53. Kxe5 Kf7 54. Ra7+ Kg6 55. h5+ Kh6 56. g5+ Kxg5 57. Rg7+ Kh6 58. Rg1 Kxh5
59. Kxe6 Kh4 60. Kf5 1-0

[Event "76539 IV. Rakosmente Open"]
[Site "Budapest, Hungary"]
[Date "2013.02.09"]
[Round "4.21"]
[White "Revesz, Hunor"]
[Black "Toth, Nikoletta"]
[Result "0-1"]
[WhiteElo "1376"]
[BlackElo "1132"]
[PlyCount "46"]
[EventDate "2013.??.??"]

1. e4 e5 2. Nf3 Nc6 3. Bc4 Nf6 4. Nc3 Bb4 5. a3 Be7 6. O-O O-O 7. d4 d6 8. Be3
Qd7 9. Bb5 a6 10. Ba4 b5 11. Bb3 Qg4 12. Qe2 exd4 13. Nxd4 Qg6 14. Nf3 Bh3 15.
Ng5 Bg4 16. f3 Bd7 17. Rad1 h6 18. Nxf7 Kh7 19. f4 Bg4 20. Qd2 Bxd1 21. Qxd1
Ng4 22. Bd2 Qh5 23. Bd5 Qxh2# 0-1

[Event "76539 IV. Rakosmente Open"]
[Site "Budapest, Hungary"]
[Date "2013.02.10"]
[Round "5.2"]
[White "Uzonyi, David"]
[Black "Orosz, Andras"]
[Result "1-0"]
[WhiteElo "2060"]
[BlackElo "2081"]
[PlyCount "87"]
[EventDate "2013.??.??"]

1. e4 g6 2. d4 Bg7 3. Nc3 c5 4. d5 d6 5. f4 Nf6 6. Nf3 Bg4 7. Bb5+ Nfd7 8. O-O
a6 9. Bxd7+ Nxd7 10. a4 O-O 11. h3 Bxf3 12. Qxf3 b6 13. Bd2 Qc7 14. Rae1 Qb7
15. Nd1 b5 16. axb5 axb5 17. Bc3 Bxc3 18. Qxc3 Rfc8 19. Qf3 Ra1 20. e5 Nb6 21.
Ne3 Rxe1 22. Rxe1 Nc4 23. Ng4 dxe5 24. fxe5 h5 25. Nh6+ Kg7 26. Nxf7 Rf8 27. e6
Qc7 28. Qc3+ Kh7 29. Rf1 Rg8 30. h4 Rg7 31. Ng5+ Kg8 32. Nf7 Nd6 33. Qe5 Ne8
34. Qg5 Nd6 35. Qh6 Nxf7 36. exf7+ Rxf7 37. Qxg6+ Rg7 38. Qe8+ Kh7 39. Qxh5+
Kg8 40. Qe8+ Kh7 41. Rf5 Qd6 42. Rh5+ Qh6 43. Rxh6+ Kxh6 44. Qxb5 1-0

[Event "76539 IV. Rakosmente Open"]
[Site "Budapest, Hungary"]
[Date "2013.02.10"]
[Round "5.3"]
[White "Karacsonyi, Gellert"]
[Black "Kovacs, Marton"]
[Result "0-1"]
[WhiteElo "1582"]
[BlackElo "2149"]
[PlyCount "114"]
[EventDate "2013.??.??"]

1. e4 e5 2. Nf3 Nf6 3. d4 Nxe4 4. dxe5 d5 5. exd6 Bxd6 6. Bd3 Nf6 7. O-O O-O 8.
Bg5 Bg4 9. Nc3 Re8 10. Ne4 Be7 11. Re1 Nbd7 12. h3 Bxf3 13. Qxf3 Ne5 14. Nxf6+
Bxf6 15. Qf5 Nxd3 16. Rxe8+ Qxe8 17. Bxf6 gxf6 18. cxd3 Qe5 19. Qxe5 fxe5 20.
Rc1 c6 21. Kf1 Kg7 22. Ke2 f5 23. Ke3 Rd8 24. Rc4 Kf6 25. f4 exf4+ 26. Rxf4
Re8+ 27. Kf3 Kg6 28. Rd4 Re1 29. Rd6+ Kg5 30. Rd7 Rd1 31. Ke2 Rg1 32. Kf2 Rd1
33. Ke2 Ra1 34. Rxh7 Rxa2 35. Rxb7 Kf4 36. Kf2 a5 37. g3+ Kg5 38. Kf3 a4 39.
Rb6 Ra1 40. Rxc6 Rf1+ 41. Kg2 Rd1 42. h4+ Kh5 43. Ra6 Rxd3 44. Kh3 f4 45. Ra5+
Kg6 46. Rxa4 Rxg3+ 47. Kh2 Kf5 48. h5 Rb3 49. h6 Kg4 50. h7 Rh3+ 51. Kg2 Rxh7
52. Rd4 Rc7 53. b4 Rc2+ 54. Kf1 Kg3 55. Rd8 Rb2 56. Rd4 f3 57. Rd1 Rh2 0-1

[Event "76539 IV. Rakosmente Open"]
[Site "Budapest, Hungary"]
[Date "2013.02.10"]
[Round "5.4"]
[White "Matuska, Miklos"]
[Black "Andriska, Zsolt"]
[Result "1-0"]
[WhiteElo "2149"]
[BlackElo "2021"]
[PlyCount "85"]
[EventDate "2013.??.??"]

1. Nf3 d5 2. g3 c6 3. Bg2 e6 4. d3 Nd7 5. O-O b6 6. Nbd2 Bd6 7. e4 Bb7 8. Re1
Ne7 9. c3 Ng6 10. d4 Qe7 11. exd5 cxd5 12. Nf1 h5 13. h4 O-O-O 14. Ne3 Kb8 15.
a4 a6 16. Qd3 Nf6 17. Nf5 Qc7 18. Nxd6 Qxd6 19. Ne5 Qe7 20. Nxg6 fxg6 21. Qxg6
Ka7 22. Bg5 Bc6 23. Bf1 Rdf8 24. Re3 Bd7 25. Qd3 Bc8 26. c4 Qc7 27. Bxf6 Rxf6
28. cxd5 exd5 29. Rae1 Rf7 30. Qe2 Bb7 31. Re7 Rxe7 32. Qxe7 Rc8 33. Qg5 Qf7
34. Re7 Qf6 35. Qxf6 gxf6 36. Rf7 Rc6 37. Bh3 Rc4 38. b3 Rc3 39. Be6 Kb8 40.
Rd7 Rxb3 41. Rxb7+ Kxb7 42. Bxd5+ Kc7 43. Bxb3 1-0

[Event "76539 IV. Rakosmente Open"]
[Site "Budapest, Hungary"]
[Date "2013.02.10"]
[Round "5.5"]
[White "Czumbel, Peter"]
[Black "Bohati, Tamas"]
[Result "0-1"]
[WhiteElo "1511"]
[BlackElo "2069"]
[PlyCount "120"]
[EventDate "2013.??.??"]

1. Nf3 c5 2. b3 Nc6 3. Bb2 d6 4. e3 e6 5. Be2 Nf6 6. d3 Be7 7. Nbd2 O-O 8. O-O
a6 9. c4 Qc7 10. a3 b6 11. Rc1 Bb7 12. Qc2 Rac8 13. Qb1 Rfd8 14. d4 Qb8 15.
Rfd1 Qa8 16. Qa1 Nb8 17. Bf1 Nbd7 18. Bd3 Ne8 19. Qb1 g6 20. Be4 d5 21. cxd5
exd5 22. Bd3 b5 23. dxc5 Nxc5 24. Be2 Ng7 25. b4 Na4 26. Ba1 Ne6 27. Nd4 Bd6
28. Rxc8 Bxc8 29. Rc1 Bd7 30. Bd1 Nxd4 31. Bxd4 Bf5 32. Qa1 Rc8 33. Rxc8+ Qxc8
34. Bxa4 bxa4 35. Nf3 Be4 36. Nd2 Qc7 37. Nxe4 dxe4 38. g3 f5 39. Qa2+ Qf7 40.
Qxf7+ Kxf7 41. Kf1 Ke6 42. Ke2 Kd5 43. Kd2 Kc4 44. Kc2 Bc7 45. Bc3 Bd8 46. Bd2
Bf6 47. Be1 g5 48. Bd2 h5 49. Be1 Bg7 50. Bd2 Be5 51. Be1 f4 52. Bd2 f3 53. Be1
h4 54. Bd2 hxg3 55. hxg3 Bxg3 56. Be1 Bh4 57. Kc1 Kd3 58. Kd1 g4 59. b5 axb5
60. Kc1 Ke2 0-1

[Event "76539 IV. Rakosmente Open"]
[Site "Budapest, Hungary"]
[Date "2013.02.10"]
[Round "5.6"]
[White "Lakat, Gyula"]
[Black "Diller, Denis"]
[Result "1-0"]
[WhiteElo "1867"]
[BlackElo "1558"]
[PlyCount "95"]
[EventDate "2013.??.??"]

1. e4 e6 2. d4 d5 3. Nd2 Nf6 4. e5 Nfd7 5. Ngf3 c5 6. c3 Qb6 7. Be2 Nc6 8. Qb3
cxd4 9. Qxb6 axb6 10. Bb5 dxc3 11. bxc3 Bc5 12. O-O O-O 13. Re1 Ra5 14. a4 d4
15. Nb3 Ra8 16. cxd4 Bb4 17. Bd2 Bxd2 18. Nbxd2 Nb4 19. Rac1 Nd5 20. Nc4 Rd8
21. Nd6 Nf8 22. Ng5 Rxd6 23. exd6 f6 24. Nf3 Kf7 25. Bc4 Nb4 26. Bb3 Ke8 27.
Rc7 Bd7 28. Rxb7 Rc8 29. Rxb6 Nd3 30. Rb1 Bc6 31. Bc4 Nd7 32. R6b3 Nf4 33. Bb5
Bxb5 34. Rxb5 Ra8 35. a5 Ne2+ 36. Kf1 Nc3 37. R1b3 Nxb5 38. Rxb5 Ra6 39. Ke2
Rxd6 40. Ke3 f5 41. Kd3 Kd8 42. Kc4 Kc7 43. Ne5 Nxe5+ 44. Rxe5 Rc6+ 45. Rc5 g5
46. d5 exd5+ 47. Kxd5 Rxc5+ 48. Kxc5 1-0

[Event "76539 IV. Rakosmente Open"]
[Site "Budapest, Hungary"]
[Date "2013.02.10"]
[Round "5.8"]
[White "Rajcsanyi, Peter"]
[Black "Ongut, Selcuk"]
[Result "1-0"]
[WhiteElo "1872"]
[BlackElo "1626"]
[PlyCount "91"]
[EventDate "2013.??.??"]

1. e4 e6 2. d4 d5 3. Nc3 Bb4 4. a3 Bxc3+ 5. bxc3 dxe4 6. Qg4 Qf6 7. Qxe4 Ne7 8.
c4 c5 9. Nf3 h6 10. c3 Nf5 11. Ne5 O-O 12. Bd3 Qh4 13. g4 Re8 14. gxf5 Qxe4+
15. Bxe4 exf5 16. Bd5 Kh7 17. Bxf7 Re7 18. Bd5 Be6 19. f4 Bxd5 20. cxd5 cxd4
21. cxd4 Nd7 22. Bd2 Rc8 23. Bb4 Ree8 24. Kd2 Nf6 25. d6 Re6 26. Rac1 Rd8 27.
Rc7 Ne4+ 28. Ke3 Nxd6 29. Bxd6 Rexd6 30. Rg1 Rg8 31. Rxb7 Ra6 32. Nc4 Re6+ 33.
Kd3 Re4 34. Ne5 Rxf4 35. a4 a6 36. h3 Rh4 37. Rg3 f4 38. Rf3 Re8 39. Rb6 g5 40.
Rxa6 g4 41. hxg4 Rh2 42. a5 Rb8 43. Ra7+ Kg8 44. Rxf4 Rb3+ 45. Ke4 Re2+ 46. Kf5
1-0

[Event "76539 IV. Rakosmente Open"]
[Site "Budapest, Hungary"]
[Date "2013.02.10"]
[Round "5.9"]
[White "Papp, Laszlo"]
[Black "Szabo, Mihaly"]
[Result "1-0"]
[WhiteElo "1787"]
[BlackElo "1532"]
[PlyCount "81"]
[EventDate "2013.??.??"]

1. d4 Nf6 2. c4 d5 3. Nc3 e6 4. Bg5 Be7 5. e3 h6 6. Bh4 c6 7. Bd3 O-O 8. Nf3
dxc4 9. Bxc4 Nd5 10. Bxe7 Qxe7 11. Qd2 Nd7 12. O-O N5f6 13. e4 b5 14. Bd3 Rd8
15. Rac1 Bb7 16. e5 Nh7 17. Ne4 a6 18. Nd6 Rab8 19. Nxb7 Rxb7 20. Rxc6 Ra7 21.
Qa5 Nb8 22. Rcc1 Qd7 23. Be4 Rf8 24. Rfd1 f5 25. exf6 Nxf6 26. Ne5 Qd6 27. Qe1
Nxe4 28. Qxe4 Qd5 29. Qxd5 exd5 30. Rc5 Rd8 31. Rdc1 Kh7 32. Rc7 Rxc7 33. Rxc7
Rd6 34. f4 Rf6 35. g3 h5 36. b4 Rd6 37. a3 Rf6 38. Kg2 Re6 39. Kf3 Rd6 40. h3
Re6 41. g4 1-0

[Event "76539 IV. Rakosmente Open"]
[Site "Budapest, Hungary"]
[Date "2013.02.10"]
[Round "5.10"]
[White "Palczert, Miklos Dr"]
[Black "Kaloczi, Kristof"]
[Result "1/2-1/2"]
[WhiteElo "1823"]
[BlackElo "1535"]
[PlyCount "33"]
[EventDate "2013.??.??"]

1. e4 c5 2. Nf3 e6 3. d4 cxd4 4. Nxd4 a6 5. Nc3 Qc7 6. g3 Nf6 7. Bg2 Be7 8. a4
d6 9. Be3 Nbd7 10. O-O O-O 11. a5 Rb8 12. Nb3 b5 13. axb6 Nxb6 14. Na5 Nc4 15.
Nxc4 Qxc4 16. Na4 Nd7 17. b3 1/2-1/2

[Event "76539 IV. Rakosmente Open"]
[Site "Budapest, Hungary"]
[Date "2013.02.10"]
[Round "5.11"]
[White "Nemeth, Zoltan"]
[Black "Safar, Istvan"]
[Result "0-1"]
[WhiteElo "1431"]
[BlackElo "1723"]
[PlyCount "115"]
[EventDate "2013.??.??"]

1. e4 c5 2. Nf3 Nc6 3. Nc3 g6 4. Bc4 e6 5. d4 cxd4 6. Nxd4 a6 7. Nxc6 bxc6 8.
O-O Bg7 9. Bf4 d5 10. exd5 cxd5 11. Bb3 Nf6 12. Be5 O-O 13. Ne2 Bb7 14. Qd4 Nh5
15. Bxg7 Nxg7 16. Rad1 Qg5 17. Qf4 Qxf4 18. Nxf4 Nf5 19. c3 Nh4 20. f3 Nf5 21.
Rfe1 Rfd8 22. Bc2 Nd6 23. b3 Rac8 24. Ne2 Rc7 25. a4 Rdc8 26. Rd3 Nf5 27. Red1
a5 28. g4 Ne7 29. Rc1 Ba6 30. Kf2 Bxd3 31. Bxd3 e5 32. Ba6 Rd8 33. Bd3 Rd6 34.
Rc2 f5 35. h3 h5 36. gxf5 gxf5 37. Ng3 e4 38. Bb5 h4 39. Ne2 Ng6 40. Rc1 Kg7
41. Rg1 Kf6 42. Rc1 Ne5 43. fxe4 dxe4 44. Ke3 Ng6 45. Rg1 Ke5 46. Rg5 Kf6 47.
Rg1 Ne5 48. Rc1 Nd3 49. Rd1 Re7 50. Nf4 Rd8 51. b4 axb4 52. cxb4 Re5 53. Nh5+
Ke7 54. Nf4 Rg8 55. Ke2 Nxf4+ 56. Ke3 Nd5+ 57. Kd4 Kf6 58. Kc4 0-1

[Event "76539 IV. Rakosmente Open"]
[Site "Budapest, Hungary"]
[Date "2013.02.10"]
[Round "5.12"]
[White "Bartuszek, Andras"]
[Black "Muranyi, Geza"]
[Result "1-0"]
[WhiteElo "1881"]
[BlackElo "1714"]
[PlyCount "33"]
[EventDate "2013.??.??"]

1. e4 e5 2. Nf3 Nf6 3. Nc3 d6 4. Bc4 Be7 5. d3 O-O 6. h3 c6 7. Bg5 Nbd7 8. Qe2
a5 9. a4 Re8 10. O-O-O d5 11. exd5 Nxd5 12. Nxd5 Bxg5+ 13. Nxg5 cxd5 14. Nxf7
Kxf7 15. Bxd5+ Kf8 16. Qh5 Nf6 17. Qf7# 1-0

[Event "76539 IV. Rakosmente Open"]
[Site "Budapest, Hungary"]
[Date "2013.02.10"]
[Round "5.13"]
[White "Gazsovics, Bela"]
[Black "Kovacsy, Barnabas"]
[Result "1-0"]
[WhiteElo "1715"]
[BlackElo "1521"]
[PlyCount "113"]
[EventDate "2013.??.??"]

1. f4 d5 2. Nf3 Nf6 3. e3 Nc6 4. Bb5 Bd7 5. O-O e6 6. b3 Bd6 7. Bb2 O-O 8. d3
a6 9. Bxc6 bxc6 10. Nbd2 Qe7 11. a4 Bc5 12. d4 Bb6 13. Qe1 Rfe8 14. Ne5 h6 15.
Rf3 Nh7 16. Rh3 f6 17. Ng6 Qf7 18. Qg3 Nf8 19. Nxf8 Kxf8 20. Ba3+ Re7 21. Bxe7+
Kxe7 22. Qe1 e5 23. Rg3 e4 24. Qe2 a5 25. h4 h5 26. c4 Bg4 27. Rxg4 hxg4 28.
Qxg4 Rh8 29. c5 Ba7 30. Kf2 Rg8 31. g3 g5 32. fxg5 fxg5+ 33. Kg2 gxh4 34. Qxh4+
Ke6 35. Rf1 Qg6 36. Qf4 Qg7 37. Rf2 Bb8 38. Qf5+ Ke7 39. Nf1 Ba7 40. Rf4 Bb8
41. g4 Ba7 42. Ng3 Rf8 43. Qxf8+ Qxf8 44. Rxf8 Kxf8 45. Kh3 Kg7 46. Kh4 Bb6 47.
Kg5 Kh8 48. Kf6 Kg8 49. Nf5 Kf8 50. Nh6 Bxc5 51. dxc5 d4 52. g5 d3 53. g6 d2
54. g7+ Ke8 55. g8=Q+ Kd7 56. Nf7 d1=Q 57. Qd8# 1-0

[Event "76539 IV. Rakosmente Open"]
[Site "Budapest, Hungary"]
[Date "2013.02.10"]
[Round "5.14"]
[White "Makrai, Bence"]
[Black "Karacsonyi, Kata"]
[Result "1-0"]
[WhiteElo "1508"]
[BlackElo "1266"]
[PlyCount "115"]
[EventDate "2013.??.??"]

1. e4 e5 2. Nf3 Nc6 3. d4 exd4 4. Nxd4 Nf6 5. Nc3 Bb4 6. Nxc6 bxc6 7. Bg5 d6 8.
Qf3 Bd7 9. Ba6 O-O 10. O-O Bxc3 11. Qxc3 Nxe4 12. Bxd8 Nxc3 13. Bxc7 Ne4 14. f3
Nc5 15. Bc4 d5 16. Bd6 dxc4 17. Bxc5 Rfe8 18. Rfe1 Re6 19. Rad1 Rae8 20. Kf2
Rxe1 21. Rxe1 Rxe1 22. Kxe1 f6 23. Bxa7 Kf7 24. b4 Ke6 25. c3 Ke5 26. Kd2 h5
27. Ke3 f5 28. Bd4+ Ke6 29. Bxg7 Kd5 30. Bd4 Be8 31. h4 Bd7 32. a4 c5 33. Bxc5
Bxa4 34. Kf4 Bd7 35. Kg5 Ke6 36. Kxh5 Kf6 37. Bd4+ Kf7 38. Kg5 Kg8 39. g4 Bc6
40. Kxf5 Bxf3 41. b5 Bb7 42. b6 Bc8+ 43. Kg5 Kh7 44. h5 Kg8 45. Kg6 Bb7 46. g5
Be4+ 47. Kh6 Bb7 48. g6 Bc8 49. Kg5 Bb7 50. h6 Kf8 51. h7 Ke7 52. h8=Q Kd6 53.
Qe5+ Kc6 54. Qc5+ Kd7 55. Be5 Kd8 56. Qd6+ Ke8 57. Bf6 Bd5 58. Qe7# 1-0

[Event "76539 IV. Rakosmente Open"]
[Site "Budapest, Hungary"]
[Date "2013.02.10"]
[Round "5.15"]
[White "Chen, Xiao Hu"]
[Black "Kidd, Balint"]
[Result "0-1"]
[WhiteElo "1323"]
[BlackElo "1405"]
[PlyCount "74"]
[EventDate "2013.??.??"]

1. e4 c5 2. Nf3 d6 3. d4 cxd4 4. Nxd4 Nf6 5. Nc3 g6 6. Be3 Bg7 7. Bc4 O-O 8. f3
Nc6 9. Qd2 Ne5 10. Bb3 Nfd7 11. O-O-O Nc5 12. Bh6 e6 13. h4 Nxb3+ 14. Nxb3 Nc4
15. Qf4 e5 16. Bg5 exf4 17. Bxd8 Rxd8 18. h5 Ne3 19. Rd2 Be6 20. hxg6 fxg6 21.
Nd4 Bf7 22. Nde2 Nxg2 23. Nd5 Bxd5 24. Rxd5 Rac8 25. Rg5 Ne3 26. c3 Rc5 27.
Rxc5 dxc5 28. Nxf4 Rf8 29. Re1 Rxf4 30. Rxe3 Bh6 31. Kd1 Rh4 32. Rd3 Rh1+ 33.
Kc2 c4 34. Rd8+ Bf8 35. Rd7 Rh2+ 36. Kc1 Bh6+ 37. Kb1 Rh1+ 0-1

[Event "76539 IV. Rakosmente Open"]
[Site "Budapest, Hungary"]
[Date "2013.02.10"]
[Round "5.16"]
[White "Eros, Janos"]
[Black "Lakatos, Tamas"]
[Result "0-1"]
[WhiteElo "1469"]
[BlackElo "1371"]
[PlyCount "88"]
[EventDate "2013.??.??"]

1. e4 c6 2. d4 d5 3. Nc3 dxe4 4. Nxe4 Bf5 5. Ng3 Bg6 6. h4 h6 7. Nf3 Nd7 8. h5
Bh7 9. Bd3 Bxd3 10. Qxd3 e6 11. Bd2 Ngf6 12. O-O-O Qc7 13. Qe2 O-O-O 14. Ne5
Nxe5 15. dxe5 Nd7 16. Bc3 Be7 17. Kb1 Bg5 18. Rhf1 Bf4 19. Rfe1 Nxe5 20. Ne4
Nd7 21. g3 Be5 22. Bd2 Nf6 23. Nc3 Nd7 24. Rh1 Bf6 25. Ne4 Be7 26. Qe3 Qb6 27.
Qe1 Qc7 28. Qe3 Kb8 29. Bc3 f5 30. Nd2 e5 31. Nb3 Rhf8 32. f4 Bf6 33. Rhe1 exf4
34. gxf4 Bxc3 35. Qxc3 Nf6 36. Nc5 Rxd1+ 37. Rxd1 Rd8 38. Rg1 Rd5 39. Ne6 Qd7
40. Qe1 Ng4 41. a3 Nh2 42. Nxg7 Nf3 43. Qf1 Nxg1 44. Qxg1 Rd1+ 0-1